International Brand Valuation Manual / A Complete Overview and Analysis of Brand Valuation Techniques, Methodologies and Applications (Record no. 6389)
[ view plain ]
| 000 -LEADER | |
|---|---|
| fixed length control field | 01218cam a22001934a 4500 |
| 005 - ΗΜΕΡΟΜΗΝΙΑ ΚΑΙ ΩΡΑ ΤΕΛΕΥΤΑΙΑΣ ΕΝΗΜΕΡΩΣΗΣ | |
| Πεδίο ελέγχου | 20250605164241.0 |
| 008 - FIXED-LENGTH DATA ELEMENTS--GENERAL INFORMATION | |
| Πεδίο ελέγχου σταθερού μήκους | 250528s ||||||||||||||||||||||||d |
| 035 ## - SYSTEM CONTROL NUMBER | |
| System control number | 21324 |
| 020 ## - ISBN | |
| ISBN | 9780470740316 |
| 040 ## - ΠΗΓΗ ΚΑΤΑΛΟΓΟΓΡΑΦΗΣΗΣ | |
| Φορέας πρωτότυπης καταλογογράφησης | MC Athens Campus Library |
| Γλώσσα καταλογογράφησης | Ελληνικά, Μοντέρνα (1453-) |
| Modifying agency | MC Athens Campus Library |
| Κανόνες περιγραφικής καταλογογράφησης | AACR2 |
| 245 1# - ΤΙΤΛΟΣ ΚΑΙ ΔΗΛΩΣΗ ΥΠΕΥΘΥΝΟΤΗΤΑΣ | |
| Τίτλος | International Brand Valuation Manual / A Complete Overview and Analysis of Brand Valuation Techniques, Methodologies and Applications |
| 260 ## - PUBLICATION, DISTRIBUTION, ETC. | |
| Name of publisher, distributor, etc. | Wiley, |
| Date of publication, distribution, etc. | 2009 |
| 300 ## - PHYSICAL DESCRIPTION | |
| Extent | 422 |
| 520 ## - SUMMARY, ETC. | |
| Summary, etc. | This work of reference represents a remarkably complete, detailed and extensive review of the main brand valuation models, accurately depicting the state of the art in the field of brand valuation and coherently relating major trends in the theory and practice thereof. Foreword, Acknowledgements, Introduction, The Concept and Relevance of Brand, The Origin and Evolution of Valuation Methods, Brand Valuation Methods and Process, General Approaches to Brand Valuation, Brand Valuation Methods and Providers, A Taxonomy of Brand Valuation Methods, The Current Situation, Is Corporate Brand Valuation Possible?, The Future of Brand Valuation, References, Index. |
| 700 1# - ΠΡΟΣΘΕΤΗ ΑΝΑΓΡΑΦΗ--ΦΥΣΙΚΟ ΠΡΟΣΩΠΟ | |
| Personal name | Sallinas Gabriela |
| 9 (RLIN) | 7374 |
| 942 ## - ADDED ENTRY ELEMENTS (KOHA) | |
| Koha item type | Books |
| Τύπος τεκμηρίου | Βιβλιοθήκη | Τρέχουσα τοποθεσία | Barcode | Αριθμός εισαγωγής | Ημερομηνία απόκτησης | Ταξιθετικό σύμβολο | Αριθμός αντιτύπου | Κατάσταση απόσυρσης | Κατάσταση χαμένου | Κατάσταση κατεστραμμένου | Μη δανεισμός | Σύνολο δανεισμών | Ημερομηνία τελευταίας εμφάνισης | Η τιμή ισχύει από |
|---|---|---|---|---|---|---|---|---|---|---|---|---|---|---|
| Books | MC Athens Campus Library | MC Athens Campus Library | 9780000063885 | 5485 | 05/06/2025 | 657/.7 SAL | 1 | 05/06/2025 | 05/06/2025 |